Checklist of CITES species (Registro nro. 6093)

Detalles MARC
000 -CABECERA
Campo de control 00788nam a2200241 a 4500
005 - FECHA Y HORA DE LA ULTIMA TRANSACCION
Campo de control 20160114043547.0
008 - ELEMENTOS DE LONGITUD FIJA—INFORMACION GENERAL
Campo de control 160114b2001 xxua gr|||| 00| 0 spa d
020 ## - ISBN
ISBN 1899628177
040 ## - FUENTE DE CATALOGACIÓN
Agencia catalogadora original CO-BoIAVH
Agencia transcriptora CO-BoIAVH
041 ## - IDIOMA
Código de idioma para texto/pista de sonido o título separado Español
Código de idioma de la versión original y/o traducciones intermedias del texto Inglés
082 #4 - NUMERO DE CLASIFICACION DECIMAL DEWEY
Número de clasificación 333.9516079
Número del ítem W927c
110 2# - ASIENTO PRINCIPAL--NOMBRE CORPORATIVO
Unidad subordinad World Conservation Monitoring Centre = Centro Mundial de Monitoreo de la Conservación
245 1# - MENCION DE TITULO
Título Checklist of CITES species
246 ## - FORMA VARIANTE DEL TITULO
Título propiamente dicho/forma breve del título Lista de las especies CITES
260 ## - PUBLICACION, DISTRIBUCION, ETC. (PIE DE IMPRENTA)
Lugar de publicación, distribución, etc. Geneve
Nombre del editor, distribuidor, etc. World Conservation Monitoring Centre
-- CITES
Fecha de publicación, distribución, etc. 2001
300 ## - DESCRIPCION FISICA
Extensión 335 paginas.
Otros detalles físicos ilustraciones
Dimensiones 30 x 21 cm
650 #4 - ASIENTO SECUNDARIO DE MATERIA - TERMINO TEMATICO
Término temático o nombre geográfico como elemento de entrada Especies
Subdivisión general Animales
650 #4 - ASIENTO SECUNDARIO DE MATERIA - TERMINO TEMATICO
Término temático o nombre geográfico como elemento de entrada Especies
Subdivisión general vegetales
650 #4 - ASIENTO SECUNDARIO DE MATERIA - TERMINO TEMATICO
Término temático o nombre geográfico como elemento de entrada Fauna
650 #4 - ASIENTO SECUNDARIO DE MATERIA - TERMINO TEMATICO
Término temático o nombre geográfico como elemento de entrada Flora
942 ## - ELEMENTOS ADICIONALES (KOHA)
Tipo de ítem Libro
Sistema de clasificación Dewey Decimal Classification
945 ## - PROCESAMIENTO LOCAL
AAAA-MM-DD - Fecha de ingreso o modificacion 2008-01-16
Existencias
Withdrawn status Lost status Sistema de Clasificación Damaged status No para préstamo Colección Inventariado Ubicación Permanente Ubicación actual Fecha de adquisición Fuente de Valor Valor Total Checkouts Número topográfico Inventario / Código de Barras Date last seen Ejemplar Price effective from Forma de adquisición Tipo de material
    Dewey Decimal Classification     General Inventariado 2017 Bogotá Bogotá 16/01/2008 Instituto 39000.00   LB-333.9516079 W927c 025660 04/12/2012 Ej.1 04/12/2012   Libro